Countries with the Most Discord Users - Statistics

General Stats
  • This quiz has been taken 56 times
  • The average score is 12 of 15
Answer Stats
Users Country % Correct
112M United States
100%
17M Germany
94%
36M United Kingdom
94%
16M France
92%
11M Canada
90%
44M India
88%
13M Italy
86%
37M Russia
86%
60M Brazil
84%
14M Japan
84%
18M Mexico
84%
10M Australia
76%
11M Poland
75%
9M Philippines
45%
10M Nigeria
33%
No matching quizzes found
Score Distribution
Percent of People with Each Score
Percentile by Number Answered
Your Score History
You have not taken this quiz